Стенограмма 9-го Заседания Союзного Совета ЦИК СССР. /Утро/

Доступно только в Электронных читальных залах Найти на картеНа карте
RUSMARC
00004671nac2a22003013x 450
00191e73a25-9d89-4e10-af25-8bf1ab522e26
00520210716124831.0
100##$a20210612l1936 k y0rusy50 ca
1010#$arus
102##$aRU
105##$ay z |||||
1220#$ad19360117
2001#$aСтенограмма 9-го Заседания Союзного Совета ЦИК СССР. /Утро/
$j17.01.1936
215##$a144 листа
251##$cДело
300##$aЗаголовок дела на папке: 2-я Сессия ЦИК Союза ССР. 7-го созыва. Стенограмма Девятого заседания Союзного Совета ЦИК Союза ССР. 17-1-1936 года (утреннее)
300##$aМашинописный текст
330##$aВходит в раздел описи: VII-й Съезд Советов. 2-я Сессия ЦИК СССР
461#0$1001796d4672-8a00-4986-b488-6e42273792cc
$12001
$aЦЕНТРАЛЬНЫЙ ИСПОЛНИТЕЛЬНЫЙ КОМИТЕТ СССР (ЦИК СССР)
$1251
$cФонд
$1852
$j3316
$gР
462#0$10012246e4af-064a-4b66-b386-cae0ddb7fb2d
$12001
$aДела 7-го Съезда Советов и 1-й, 2-й, 3-й, 4-й Сессий 7-го созыва. 1935-1937 гг.
$vД. 120
$1251
$cОпись
$1852
$j7
5171#$a2-я Сессия ЦИК Союза ССР. 7-го созыва. Стенограмма Девятого заседания Союзного Совета ЦИК Союза ССР. 17-1-1936 года (утреннее)
60101$3RU\NLR\AUTH\880357276
$aСССР
$bЦИК
60102$3RU\NLR\AUTH\880399376
$aСССР
$bЦИК
$bСозыв
$c7
$bСессия
$d2
60102$aСССР. ЦИК. Созыв (7). Сессия (2). Заседание Союзного Совета (9)
60101$3RU\NLR\AUTH\880399260
$aСССР
$bЦентральный исполнительный комитет
$bСоюзный Совет
801#0$aRU
$bGA_RF
801#1$aRU
$bГлавНИВЦ
$c20210612
$2rusmarc
801#2$aRU
$bПБ им. Б.Н. Ельцина
$c20210716
$gRCR
$2rusmarc
852##$aГА РФ
$j120
937##$d166252587
$hГАРФ
035##$aRuPRLIB51060480
856##$uhttp://readingroom.main.prlib.ru/item.aspx?id_node=n166252587&mode=full
Формат отображения